| 000 | 01049nam a22002177a 4500 | ||
|---|---|---|---|
| 999 |
_c22362 _d22362 |
||
| 003 | AR-CdUCM | ||
| 008 | 190429b ||||| |||| 00| 0 spa d | ||
| 040 |
_aMUNICIPALIDAD PROVINCIAL DEL CUSCO _cBIBLIOTECA MUNICIPAL DEL CUSCO |
||
| 082 | _aLumen/N°1050/1957 | ||
| 245 |
_aLumen / _cConvento de Santo Domingo de Guzmán Cusco |
||
| 260 |
_aCusco. _bsn, _c1957. |
||
| 300 |
_a4 páginas. : _c22 cm. |
||
| 440 |
_aLumen. _nAño XX, N°1050, junio 1957. _947932 |
||
| 505 | _aContenido: Homenaje a la ciudad de Juli y al colegio nacional Chucuito en la efemérides de sus creaciones. -- El santo evangelio de hoy. -- Festividad de Santísima Virgen del Rosario de Pompeya. -- Campana de la libertad izaron la mañana del jueves en la torre de nuestro templo. -- Bendición de la nueva capilla de Santa Rosa de Ahuacpinta. | ||
| 650 |
_aRevista cusqueña _947898 |
||
| 650 |
_aRevista católica _947933 |
||
| 650 |
_aSanto Domingo de Guzmán Cusco _947934 |
||
| 710 |
_aConvento de Santo Domingo de Cusco _947935 |
||
| 942 |
_2ddc _cPP |
||
| 945 | _arac | ||